00382pab a2200145 454500008004000000100002900040245006600069260000900135300001300144362000800157650001500165650001000180650002000190773002600210180718b2008 xxu||||| |||| 00| 0 eng d aChitturi, Ramakrishna R. aGrowing India: emerging trade and investment ties with Taiwan c2008 ap.63-79. aApr aInvestment aTrade aEconomic growth aAsian Economic Review